000
00321nam a2200133Ia 4500
008
220204s9999 xx 000 0 und d
082
_a
576.32/.36
_b
GIE
100
_a
GIESE, Arthur C
245
0
_a
Cell physiology
250
_a
Ed.3
260
_a
Philadelphia
_b
Saunders
_c
1968
650
_a
Cell physiology
942
_c
BK
999
_c
20872
_d
20872